| 000 | 01413nam a22002777a 4500 | ||
|---|---|---|---|
| 001 | 1417 | ||
| 005 | 20231002104513.0 | ||
| 020 | _a9789924340423 | ||
| 040 |
_aFISKH _beng _cFISKH _dFISKH |
||
| 082 | _a332.024 | ||
| 100 | _aPheakdey, Ouk | ||
| 245 | _aគន្លឹះក្នុងការគ្រប់គ្រងលុយកាក់ / | ||
| 250 | _aបោះពុម្ពលើកទី៤ ខែធ្នូ ឆ្នាំ ២០២២ | ||
| 260 |
_aPhnom Penh : _bSipar, _c2022. |
||
| 300 |
_a40 pages : _bcolor illustrations ; _c29 cm |
||
| 490 | _aបំនិនជីវិត | ||
| 505 | _aZ' | ||
| 520 | _aបង្ហាញវិធីសាស្រ្តនានាក្នុងការប្រើប្រាស់លុយឳ្យមានប្រសិទ្ធភាពដូចជា ស្គាល់ចំណូល ចំណាយ បំណុល ផែនការសន្សំ និងរបៀបរកលុយមួយចំនួន។ | ||
| 520 | _aDemonstrate ways to use money effectively, such as recognizing income, expenses, debt, savings plans, and find some ways to make money. | ||
| 521 |
_a1120 _bLexile estimate |
||
| 521 |
_aZ' _bRaz-Plus |
||
| 650 |
_aលុយ _vវិធី _xចំណាយ _yសន្សំ |
||
| 650 |
_aMoney _vWay _xSpend _ySave |
||
| 700 |
_aVisoth, Seng _cillustrator |
||
| 942 |
_2ddc _cBK _n0 |
||
| 999 |
_c1417 _d1417 |
||